Wages and work allocation : a study of social relations in a garment workshop.

Saved in:
Bibliographic Details
Main Author: Cunnison, Sheila
Format: Book
Language:English
Published: London : Tavistock, [1966].
Subjects:
LEADER 01045nam a2200253 i 4500
001 c000245846
003 CARM
005 00000000000000.0
008 840311s1966 enk 0 eng d
019 1 |a 4139222  |5 LACONCORD2021 
035 |a (OCoLC)410977  |5 LACONCORD2021 
082 0 4 |a 331.288714 
100 1 |a Cunnison, Sheila. 
245 1 0 |a Wages and work allocation :  |b a study of social relations in a garment workshop. 
260 |a London :  |b Tavistock,  |c [1966]. 
300 |a 291 p. :  |b ill. 
500 |a Bibliography: p.277-279. 
650 0 |a Industrial sociology  |x Case studies. 
650 0 |a Clothing workers  |z Great Britain  |x Case studies. 
852 8 |b CARM  |h A1:AP09B0  |i B07272  |p 0364329  |f BK 
852 8 |b CARM  |h A1:AM28G0  |i B09665  |p 0437726  |f BK 
999 f f |i b33301ae-4996-5a69-8b80-87a8d1905a10  |s 0807715d-a1f7-5751-9391-d6584ced0b3d 
952 f f |p Can circulate  |a CAVAL  |b CAVAL  |c CAVAL  |d CARM 1 Store  |e B09665  |f A1:AM28G0  |h Other scheme  |i book  |m 0437726 
952 f f |p Can circulate  |a CAVAL  |b CAVAL  |c CAVAL  |d CARM 1 Store  |e B07272  |f A1:AP09B0  |h Other scheme  |i book  |m 0364329